Vývoj, nasadenie a správa prediktívneho modelu slnečného žiarenia, použitím rekurentných neurónových sietí v cloudovom prostredí

Saved in:
Bibliographic Details
Main Author: Bachorík, Rudolf (Author)
Other Authors: Šebeňa, Marián (Thesis advisor)
Format: Manuscript Book
Language:Slovak
Published: 2025
Subjects:
Online Access:http://is.stuba.sk/zp/portal_zp.pl?podrobnosti=184360
Tags: Add Tag
No Tags, Be the first to tag this record!

MARC

LEADER 00000ntm a22000003a 4500
001 stuzp105095
003 SK-STU
005 20250614213624.0
007 ta
008 150427s2015----xo-----f-mn---000-0-slo-d
040 |a STU  |b slo 
041 0 |a slo 
100 1 |a Bachorík, Rudolf  |u 035000  |4 aut  |U FEI Fakulta elektrotechniky a informatiky  |T FEI Ústav informatiky a matematiky  |X 111167  |U E050  |Y 816  |7 111167 
242 0 1 |a Development, deployment and management of a predictive solar radiation model using recurrent neural networks in a cloud environment  |y eng 
245 1 0 |a Vývoj, nasadenie a správa prediktívneho modelu slnečného žiarenia, použitím rekurentných neurónových sietí v cloudovom prostredí 
260 |c 2025 
650 4 |a prediction  |2 eng 
650 4 |a Azure  |2 eng 
650 4 |a Databricks  |2 eng 
650 4 |a recurrent neural networks  |2 eng 
650 4 |a deep neural networks  |2 eng 
650 4 |a regression  |2 eng 
650 4 |a Databricks  |2 slo 
650 4 |a predikcia  |2 slo 
650 4 |a rekurentné neurónové siete  |2 slo 
650 4 |a hlboké neurónové siete  |2 slo 
650 4 |a regresia  |2 slo 
650 4 |a Azure  |2 slo 
700 1 |a Šebeňa, Marián  |u 035000  |k Z3  |4 ths  |U FEI Fakulta elektrotechniky a informatiky  |T FEI Ústav informatiky a matematiky  |X 97945  |U E050  |Y 816  |7 97945 
856 4 |u http://is.stuba.sk/zp/portal_zp.pl?podrobnosti=184360